| LEADER 00000nama 2200000uu 4500 |
| 008 040531s|||| th m m a000 0 tha d |
| 041 tha |
| 050 วจ WY18.5 ป445ก |
| 100 ปราณี แสดคง. |
| 245 การประเมินคุณลักษณะบัณฑิตที่พึงประสงค์ของบัณฑิตพยาบาลหลักสูตรประกาศนียบัตรพยาบาลศาสตร์เทียบเท่าปริญญาตรี (ต่อเนื่อง 2 ปี) วิทยาลัยพยาบาลบรมราชชนนี ขอนแก่น =Evaluation of desirable Characterristics of Diploma in Nursing Science Program of Boromarajonani Co |
| 260 ม.ป.ป. ขอนแก่น. วิทยาลัยพยาบาลบรมราชชนนี ขอนแก่น. |
| 300 59 แผ่น. |
| 600 1.วิทยาลัยพยาบาลบรมราชชนนี ขอนแก่น 2.ปรารี แสดคง. |
| 650 1.พยาบาล--คุณลักษณะ--การประเมิน 2.คุณลักษณะบัณฑิตที่พึงประสงค์. |
| 995 004 |